LEADER 00830nam a2200229 i 4500 001 000000162313 003 CaOOAMICUS 005 20080129000000.0 008 080129s1953 it u000 u ita u 013 $a139677 040 $aSeMil$bita 100 1 $aMann, Heinrich.$0(OLS)http://semarc/name/42939 245 12$aL'angelo azzurro /$cHeinrich Mann. 260 $aMilano :$bClub degli editori,$ccopyr. 1953. 300 $aXI, 255 p. ;$c21 cm. 490 0 $aCaleidoscopio ;$v79 830 0$aCaleidoscopio ;$v79.$0(OLS)http://semarc/title/15466 850 $aSeMil 852 $aSeMil$W1$xVenegono$y1$m1T III 37$j239632$B113669$CSeMilBibl$Z2$F130888 $81 961 $aOmaggio: Altro 996 $6245$aL'angelo azzurro$9(OLS)http://semarc/title/145938 996 $6260$aMilano :$bClub degli editori$9(OLS)http://semarc/publisher/33332 LEADER 00674nas a2200157 i 4500 001 000000012360 003 CaOOAMICUS 005 20180830125441.0 008 180830n it u0 ita u 040 $aSeMil$bita 245 10$aAbduana tellus :$bcorona di descrizioni antiche e moderne delterritorio comasco. 260 $a[Como] :$bSocietà Storica Comense,$c[19--]?. 300 $av. ;$c36 cm. 774 0 $tLarius.$dMilano : Edizioni Luigi Alfieri, 1959-1966.$w()12359 996 $6245$aAbduana tellus :$bcorona di descrizioni antiche e moderne delterritorio comasco$9(OLS)http://semarc/title/16408 996 $6260$a[Como] :$bSocietà Storica Comense$9(OLS)http://semarc/publisher/33409